Państwa Europy po średniej predkości pociągów - Statystyki

Ogólne statystyki
  • Ten quiz został rozwiązany 39 razy
  • Średni wynik to 14 z 15
Statystyki odpowiedzi
... km/h Państwo % Poprawnych
195.9 Francja
100%
199.4 Hiszpania
100%
113.6 Polska
100%
95.8 Czechy
94%
141.6 Niemcy
94%
104.2 Rosja
94%
122.4 Szwecja
94%
134.4 Wielka Brytania
94%
169.9 Włochy
94%
96.5 Portugalia
91%
102.2 Szwajcaria
91%
106.8 Austria
85%
99.1 Dania
85%
94.6 Litwa
85%
94.8 Ukraina
82%
Nie znaleziono quizów pasujących do podanych kryteriów
Rozkład punktacji
Procent ludzi z każdym wynikiem
Percentyl według liczby udzielonych odpowiedzi
Twoja historia wyników
Nie rozwiązałeś tego quizu